| 000 | 00698nam a2200181Ia 4500 | ||
|---|---|---|---|
| 999 |
_c6147 _d6147 |
||
| 020 | _a9780471779988 | ||
| 082 | _aRR 150.195 HAN- | ||
| 245 | 0 | _aHandbook of psychological assessment, case conceptulization and treatment | |
| 260 |
_aHoboken _bJohn Wiley & Sons _c2008 |
||
| 500 | _acontents: 2 vols. vol .1 (Adults), (ed. by Michel Hersen and Johan Rosqvist), (xiv, 802p.) - v.2 (Children and adolescents), (ed. by David Reitman), (xii, 707p.) | ||
| 650 |
_aPsychology, Pathological _vHandbooks, manuals, etc |
||
| 650 |
_aMental disorders _vDiagnosis |
||
| 650 |
_aMental disorders _vTheraphy |
||
| 700 | _aHersen, Michel | ||
| 700 | _aRosqvist, Johan | ||
| 700 | _aReitman, David | ||
| 942 | _cBK | ||